Electrónica digital: álgebra de Boole, circuitos combinacionales y secuenciales, automatismos, memorias

Gespeichert in:
Bibliographische Detailangaben
Hauptverfasser: Cuesta García, Luis Miguel (VerfasserIn), Gil Padilla, Antonio José (VerfasserIn), Remiro Domínguez, Fernando (VerfasserIn)
Format: Buch
Sprache:Spanisch
Veröffentlicht: Madrid McGraw-Hill 1992
Schriftenreihe:Schaum
Schlagworte:
Tags: Tag hinzufügen
Keine Tags, Fügen Sie den ersten Tag hinzu!

MARC

LEADER 00000nam a2200000 a 4500
001 UCY0073
003 CL-VaPUC
008 940708e19920000SP |||||||||||||||||spa|d
082 0 4 |a 621.381  |b CUE  |2 21 
100 0 |a Cuesta García, Luis Miguel  |e author  |9 327670 
700 |a Gil Padilla, Antonio José  |e author  |9 327671 
700 0 |a Remiro Domínguez, Fernando  |e author  |9 327672 
245 1 0 |a Electrónica digital: álgebra de Boole, circuitos combinacionales y secuenciales, automatismos, memorias 
300 |a 445 p 
942 |c BK 
945 |d 19940708 00:00:00  |a mfernand 
260 |a Madrid  |b McGraw-Hill  |c 1992 
650 0 |a Electrónica digital   |9 263160 
650 0 |a Problemas, ejercicios, etc  |9 259377 
583 |a last modification  |c 19940708 00:00:00  |k Rodrigo Vera 
490 0 |a Schaum 
999 |c 229163  |d 229161 
952 |0 0  |1 0  |2 ddc  |4 0  |6 621_381000000000000_CUE_1992  |7 0  |8 A  |9 229824  |a BIBING  |b BIBING  |c RES  |d 2019-11-15  |i 2993848  |o 621.381 CUE 1992  |p 2993848  |r 2025-01-20  |w 2019-11-15  |y BK  |k ING 
952 |0 0  |1 0  |2 ddc  |4 0  |6 621_381000000000000_CUE_1992  |7 0  |8 A  |9 229825  |a BIBING  |b BIBING  |c RES  |d 2019-11-15  |i 2993856  |o 621.381 CUE 1992  |p 2993856  |r 2025-01-20  |w 2019-11-15  |y BK  |k ING 
952 |0 0  |1 0  |2 ddc  |4 0  |6 621_381000000000000_CUE_1992  |7 0  |8 A  |9 229826  |a BIBING  |b BIBING  |c RES  |d 2019-11-15  |i 2993864  |o 621.381 CUE 1992  |p 2993864  |r 2025-01-20  |w 2019-11-15  |y BK  |k ING 
952 |0 0  |1 0  |2 ddc  |4 0  |6 621_381000000000000_CUE_1992  |7 0  |8 A  |9 229827  |a BIBING  |b BIBING  |c RES  |d 2019-11-15  |i 2993872  |o 621.381 CUE 1992  |p 2993872  |r 2025-01-20  |w 2019-11-15  |y BK  |k ING 
952 |0 0  |1 0  |2 ddc  |4 0  |6 621_381000000000000_CUE_1992  |7 0  |8 A  |9 229828  |a BIBING  |b BIBING  |c RES  |d 2019-11-15  |i 3610063  |o 621.381 CUE 1992  |p 3610063  |r 2025-01-20  |w 2019-11-15  |y BK  |k EIE 
952 |0 0  |1 0  |2 ddc  |4 0  |6 621_381000000000000_CUE_1992  |7 0  |8 A  |9 229829  |a BIBING  |b BIBING  |c RES  |d 2019-11-15  |i 3610071  |o 621.381 CUE 1992  |p 3610071  |r 2025-01-20  |w 2019-11-15  |y BK  |k EIE 
952 |0 0  |1 0  |2 ddc  |4 0  |6 621_381000000000000_CUE_1992  |7 0  |8 A  |9 229830  |a BIBING  |b BIBING  |c RES  |d 2019-11-15  |i 361008K  |o 621.381 CUE 1992  |p 361008K  |r 2025-01-20  |w 2019-11-15  |y BK  |k EIE 
952 |0 0  |1 0  |2 ddc  |4 0  |6 621_381000000000000_CUE_1992  |7 0  |8 A  |9 229831  |a BIBING  |b BIBING  |c RES  |d 2019-11-15  |i 3610098  |o 621.381 CUE 1992  |p 3610098  |r 2025-01-20  |w 2019-11-15  |y BK  |k EIE 
952 |0 0  |1 0  |2 ddc  |4 0  |6 621_381000000000000_CUE_1992  |7 0  |8 A  |9 229832  |a BIBING  |b BIBING  |c RES  |d 2019-11-15  |i 3610101  |o 621.381 CUE 1992  |p 3610101  |r 2025-01-20  |w 2019-11-15  |y BK  |k EIE